000 01041nam a2200301 i 4500
001 bg
003 BPK
005 20200417141915.0
008 040519s1976 pl a f f |000 0 pol
015 _aPB 1976/8374
040 _cBPK
041 0 _apol
080 _a691
080 _a621.753
080 _a(075.8)
100 1 _aPrzewłocki, Stefan
_d(1933- )
_eAutor
245 1 0 _aMetrologia budowli :
_bcechy geometryczne form produkcyjnych i elementów prefabrykowanych /
_cStefan Przewłocki.
260 _aŁódź :
_bPŁ,
_c1976.
300 _a186 s. :
_bil., tab., wykr. ;
_c21 cm.
490 1 _aSkrypty dla Szkół Wyższych / Politechnika Łódzka.
504 _aBibliogr. s. 183-186.
650 4 _aBudownictwo
_xpomiary.
655 4 _aPodręczniki akademickie
650 4 _aTolerancje i pasowania
856 _uhttp://koha.tu.koszalin.pl/cgi-bin/koha/opac-detail.pl?biblionumber=17062
_yKatalog online BPK
830 0 _aSkrypty dla Szkół Wyższych - Politechnika Łódzka
942 _2UKD
_cKS
999 _c17062
_d17062